<?xml version="1.0" encoding="UTF-8"?><marc:collection xmlns:marc="http://www.loc.gov/MARC21/slim">
  <marc:record>
    <marc:leader>00000nam  2200000zi 4500</marc:leader>
    <marc:controlfield tag="001">9.884546</marc:controlfield>
    <marc:controlfield tag="003">CaOODSP</marc:controlfield>
    <marc:controlfield tag="005">20221107170906</marc:controlfield>
    <marc:controlfield tag="006">m     o  d f      </marc:controlfield>
    <marc:controlfield tag="007">cr |||||||||||</marc:controlfield>
    <marc:controlfield tag="008">200211t20202020oncbo   ob   f000 0 eng d</marc:controlfield>
    <marc:datafield tag="020" ind1=" " ind2=" ">
      <marc:subfield code="a">9780660340463</marc:subfield>
    </marc:datafield>
    <marc:datafield tag="040" ind1=" " ind2=" ">
      <marc:subfield code="a">CaOODSP</marc:subfield>
      <marc:subfield code="b">eng</marc:subfield>
      <marc:subfield code="e">rda</marc:subfield>
      <marc:subfield code="c">CaOODSP</marc:subfield>
    </marc:datafield>
    <marc:datafield tag="043" ind1=" " ind2=" ">
      <marc:subfield code="a">n-cn-qu</marc:subfield>
    </marc:datafield>
    <marc:datafield tag="086" ind1="1" ind2=" ">
      <marc:subfield code="a">CW69-21/63-2020E-PDF</marc:subfield>
    </marc:datafield>
    <marc:datafield tag="245" ind1="0" ind2="0">
      <marc:subfield code="a">Action plan to reduce the impact of noise on the beluga whale (Delphinapterus leucas) and other marine mammals at risk in the St. Lawrence estuary.</marc:subfield>
    </marc:datafield>
    <marc:datafield tag="246" ind1="1" ind2="7">
      <marc:subfield code="a">Action plan to reduce the impact of noise on the beluga whale and other marine mammals at risk in the St. Lawrence estuary</marc:subfield>
    </marc:datafield>
    <marc:datafield tag="246" ind1="1" ind2="0">
      <marc:subfield code="a">St. Lawrence estuary</marc:subfield>
    </marc:datafield>
    <marc:datafield tag="264" ind1=" " ind2="1">
      <marc:subfield code="a">Ottawa : </marc:subfield>
      <marc:subfield code="b">Government of Canada = Gouvernement du Canada, </marc:subfield>
      <marc:subfield code="c">2020.</marc:subfield>
    </marc:datafield>
    <marc:datafield tag="264" ind1=" " ind2="4">
      <marc:subfield code="c">©2020</marc:subfield>
    </marc:datafield>
    <marc:datafield tag="300" ind1=" " ind2=" ">
      <marc:subfield code="a">1 online resource (iv, 33 pages) : </marc:subfield>
      <marc:subfield code="b">maps, photographs.</marc:subfield>
    </marc:datafield>
    <marc:datafield tag="336" ind1=" " ind2=" ">
      <marc:subfield code="a">text</marc:subfield>
      <marc:subfield code="b">txt</marc:subfield>
      <marc:subfield code="2">rdacontent</marc:subfield>
    </marc:datafield>
    <marc:datafield tag="337" ind1=" " ind2=" ">
      <marc:subfield code="a">computer</marc:subfield>
      <marc:subfield code="b">c</marc:subfield>
      <marc:subfield code="2">rdamedia</marc:subfield>
    </marc:datafield>
    <marc:datafield tag="338" ind1=" " ind2=" ">
      <marc:subfield code="a">online resource</marc:subfield>
      <marc:subfield code="b">cr</marc:subfield>
      <marc:subfield code="2">rdacarrier</marc:subfield>
    </marc:datafield>
    <marc:datafield tag="490" ind1="1" ind2=" ">
      <marc:subfield code="a">Species at Risk Act action plan series</marc:subfield>
    </marc:datafield>
    <marc:datafield tag="500" ind1=" " ind2=" ">
      <marc:subfield code="a">Title from cover.</marc:subfield>
    </marc:datafield>
    <marc:datafield tag="500" ind1=" " ind2=" ">
      <marc:subfield code="a">Issued also in HTML format.</marc:subfield>
    </marc:datafield>
    <marc:datafield tag="500" ind1=" " ind2=" ">
      <marc:subfield code="a">Issued by: Fisheries and Oceans Canada.</marc:subfield>
    </marc:datafield>
    <marc:datafield tag="500" ind1=" " ind2=" ">
      <marc:subfield code="a">Issued also in French under title: Plan d'action pour réduire l'impact du bruit sur le béluga (Delphinapterus leucas) et les autres mammifères marins en péril de l'estuaire du Saint-Laurent.</marc:subfield>
    </marc:datafield>
    <marc:datafield tag="504" ind1=" " ind2=" ">
      <marc:subfield code="a">Includes bibliographical references (pages 26-29).</marc:subfield>
    </marc:datafield>
    <marc:datafield tag="520" ind1=" " ind2=" ">
      <marc:subfield code="a">"This action plan aims to reduce the impact of noise on marine mammals at risk in the St. Lawrence Estuary and in the Saguenay Fjord, a site regularly frequented by Belugas in the summer. The document proposes measures to learn more about the various sources of noise and to mitigate its impacts to contribute to the recovery of marine mammals at risk in the St. Lawrence Estuary"--Summary, page iii.</marc:subfield>
    </marc:datafield>
    <marc:datafield tag="650" ind1=" " ind2="0">
      <marc:subfield code="a">White whale</marc:subfield>
      <marc:subfield code="x">Effect of noise on</marc:subfield>
      <marc:subfield code="z">Québec (Province)</marc:subfield>
      <marc:subfield code="z">Saint Lawrence River Estuary.</marc:subfield>
    </marc:datafield>
    <marc:datafield tag="650" ind1=" " ind2="0">
      <marc:subfield code="a">Cetacea</marc:subfield>
      <marc:subfield code="x">Effect of noise on</marc:subfield>
      <marc:subfield code="z">Québec (Province)</marc:subfield>
      <marc:subfield code="z">Saint Lawrence River Estuary.</marc:subfield>
    </marc:datafield>
    <marc:datafield tag="650" ind1=" " ind2="0">
      <marc:subfield code="a">White whale</marc:subfield>
      <marc:subfield code="x">Conservation</marc:subfield>
      <marc:subfield code="z">Québec (Province)</marc:subfield>
      <marc:subfield code="z">Saint Lawrence River Estuary.</marc:subfield>
    </marc:datafield>
    <marc:datafield tag="650" ind1=" " ind2="0">
      <marc:subfield code="a">Cetacea</marc:subfield>
      <marc:subfield code="x">Conservation</marc:subfield>
      <marc:subfield code="z">Québec (Province)</marc:subfield>
      <marc:subfield code="z">Saint Lawrence River Estuary.</marc:subfield>
    </marc:datafield>
    <marc:datafield tag="710" ind1="1" ind2=" ">
      <marc:subfield code="a">Canada. </marc:subfield>
      <marc:subfield code="b">Department of Fisheries and Oceans.</marc:subfield>
    </marc:datafield>
    <marc:datafield tag="775" ind1="0" ind2="8">
      <marc:subfield code="t">Plan d'action pour réduire l'impact du bruit sur le béluga (Delphinapterus leucas) et les autres mammifères marins en péril de l'estuaire du Saint-Laurent.</marc:subfield>
      <marc:subfield code="w">(CaOODSP)9.884548</marc:subfield>
    </marc:datafield>
    <marc:datafield tag="830" ind1="#" ind2="0">
      <marc:subfield code="a">Species at Risk Act action plan series.</marc:subfield>
      <marc:subfield code="w">(CaOODSP)9.505704</marc:subfield>
    </marc:datafield>
    <marc:datafield tag="856" ind1="4" ind2="0">
      <marc:subfield code="q">PDF</marc:subfield>
      <marc:subfield code="s">1.08 MB</marc:subfield>
      <marc:subfield code="u">https://publications.gc.ca/collections/collection_2020/mpo-dfo/CW69-21-63-2020-eng.pdf</marc:subfield>
    </marc:datafield>
    <marc:datafield tag="856" ind1="4" ind2=" ">
      <marc:subfield code="q">HTML</marc:subfield>
      <marc:subfield code="s">N/A</marc:subfield>
      <marc:subfield code="u">https://www.canada.ca/en/environment-climate-change/services/species-risk-public-registry/action-plans/beluga-whale-st-lawrence-estuary-2019-proposed.html</marc:subfield>
    </marc:datafield>
  </marc:record>
</marc:collection>
